Minnesota Vikings Starting Offense 24/25 - Statistics

General Stats
  • This quiz has been taken 67 times
  • The average score is 8 of 12
Answer Stats
Pos. Player % Correct
RB Aaron Jones
100%
WR Justin Jefferson
100%
QB Sam Darnold
100%
WR Jordan Addison
98%
TE T.J. Hockenson
96%
FB C.J. Ham
88%
WR Jalen Nailor
84%
C Garrett Bradbury
61%
LG Blake Brandel
35%
RT Brian O'Neill
33%
RG Dalton Risner
30%
LT Christian Darrishaw
9%
No matching quizzes found
Score Distribution
Percent of People with Each Score
Percentile by Number Answered
Your Score History
You have not taken this quiz